• 首页
  • 本馆介绍
  • 公告通知
  • 最新文献
  • 馆藏检索
  • 电子资源
  • 读者导购
  • 参考咨询
  • 我的图书馆
  • 登录
  • 详细信息显示
  • 放入我的书架
  • 预约/预借图书
  • 作者相关作品
  • 分类相关作品
  • 丛书相关作品
  • 出版社相关作品

书目信息

  • 表格格式
  • 工作单格式
  • 卡片格式
题名:
高速铁路客运安全与应急处理
    
 
作者: 黄丽学 , 谢婉泽 主编
分册:  
出版信息: 北京   人民交通出版社股份有限公司  2020
页数: 132页
开本: 26cm
丛书名:
单 册:
中图分类: U293.5
科图分类:
主题词: 高速铁路--铁路运输--旅客运输--安全管理--职业教育--教材 , 高速铁路--铁路运输--旅客运输--突发事件--交通运输管理--职业教育--教材
电子资源:
ISBN: 978-7-114-16432-3
000 01008nam0 2200253 450
001 2258595514
005 20220928161703.43
010    @a978-7-114-16432-3@dCNY30.00
100    @a20201022d2020 em y0chiy50 ea
101 0  @achi
102    @aCN@b110000
105    @aa z 000yy
200 1  @a高速铁路客运安全与应急处理@9gao su tie lu ke yun an quan yu ying ji chu li@f黄丽学, 谢婉泽主编
210    @a北京@c人民交通出版社股份有限公司@d2020
215    @a132页@c图,照片@d26cm
300    @a职业教育高速铁路客运乘务专业系列教材
330    @a本书主要内容包括:高速铁路客运安全管理、高速铁路客运组织安全、高速铁路车站应急处理、高速铁路动车组列车非正常情况应急处理、高速铁路旅客伤害应急处理。
606 0  @a高速铁路@x铁路运输@x旅客运输@x安全管理@x职业教育@j教材
606 0  @a高速铁路@x铁路运输@x旅客运输@x突发事件@x交通运输管理@x职业教育@j教材
690    @aU293.5@v5
701  0 @a黄丽学@9huang li xue@4主编
701  0 @a谢婉泽@9xie wan ze@4主编
801  0 @aCN@b91MARC@c20201022
905    @aZUCC@dU293.5@e1
    
    高速铁路客运安全与应急处理/黄丽学, 谢婉泽主编.-北京:人民交通出版社股份有限公司,2020
    132页:图,照片;26cm
    职业教育高速铁路客运乘务专业系列教材
    
    ISBN 978-7-114-16432-3:CNY30.00
    本书主要内容包括:高速铁路客运安全管理、高速铁路客运组织安全、高速铁路车站应急处理、高速铁路动车组列车非正常情况应急处理、高速铁路旅客伤害应急处理。
●
相关链接 在五车中查询图书 在当当中查询图书 在豆瓣中查询图书


正题名:高速铁路客运安全与应急处理     索取号:U293.5/1         预约/预借

序号 登录号 条形码 馆藏地/架位号 状态 备注
1 2000904886   2000904886   第三书库/ [索取号:U293.5/1] 在馆    
2 2000904887   2000904887   第三书库/ [索取号:U293.5/1] 在馆    
3 2000904888   2000904888   第三书库/ [索取号:U293.5/1] 在馆    
山东省滨州职业学院图书馆 欢迎您!
大连网信软件有限公司© 版权所有